LEADER 02672nam 2200601Ia 450 001 9910782255503321 005 20230606222800.0 010 $a1-281-80284-0 010 $a9786611802844 010 $a0-567-54744-2 035 $a(CKB)1000000000542314 035 $a(EBL)436371 035 $a(OCoLC)276840389 035 $a(SSID)ssj0000229327 035 $a(PQKBManifestationID)12059381 035 $a(PQKBTitleCode)TC0000229327 035 $a(PQKBWorkID)10168346 035 $a(PQKB)10974138 035 $a(MiAaPQ)EBC436371 035 $a(Au-PeEL)EBL436371 035 $a(CaPaEBR)ebr10250807 035 $a(CaONFJC)MIL180284 035 $a(OCoLC)893334138 035 $a(EXLCZ)991000000000542314 100 $a19820510d1981 uy 0 101 0 $aeng 135 $aur|n|---||||| 181 $ctxt$2rdacontent 182 $cc$2rdamedia 183 $acr$2rdacarrier 200 10$aProphecy and ethics $eIsaiah and the ethical traditions of Israel /$fEryl W. Davies 210 1$aSheffield, England :$cJSOT Press,$d1981. 215 $a1 online resource (185 pages) 225 1 $aJournal for the study of the Old Testament. Supplement series ;$v16 311 0 $a0-567-06865-X 311 0 $a0-905774-26-4 320 $aIncludes bibliographical references and indexes. 327 $aContents; Preface; Introduction; Chapter One: PROPHECY AND TRADITION; Chapter Two: ISRAEL'S REBELLION AGAINST YAHWEH (Is. 1:2-3); Chapter Three: THE ACQUISITION OF LAND (Is. 5:8-10); Chapter Four: THE ADMINISTRATION OF JUSTICE (Is. 1:21-6); Chapter Five: CONCLUSION; Notes; Abbreviations; Bibliography; Index of Subjects; Index of Authors; Index of Biblical References 330 $aThe study attempts to examine the role of tradition in the teaching of Isaiah with a view to discerning the basis of the ethics presupposed by the prophet. The view that Isaiah's ethical pronouncements were dependent upon the legal, covenantal and wisdom traditions of Israel is discussed, and the possibility of a direct dependence on the oracles of his contemporary, Amos, is examined. Davies shows that the whole question of the influence of tradition on the thought of Isaiah is fraught with problems. 410 0$aJournal for the study of the Old Testament.$pSupplement series ;$v16. 606 $aEthics in the Bible 606 $aJewish ethics 615 0$aEthics in the Bible. 615 0$aJewish ethics. 676 $a224.106 700 $aDavies$b Eryl W$01484551 801 0$bMiAaPQ 801 1$bMiAaPQ 801 2$bMiAaPQ 906 $aBOOK 912 $a9910782255503321 996 $aProphecy and ethics$93703246 997 $aUNINA LEADER 01285nam2 22003373i 450 001 MIL0763299 005 20251003044237.0 010 $a8814056714 020 $aIT$b97-414 100 $a20230601d1996 ||||0itac50 ba 101 | $aita 102 $ait 181 1$6z01$ai $bxxxe 182 1$6z01$an 183 1$6z01$anc$2RDAcarrier 200 1 $aˆ[1]: ‰Dal garantismo inquisitorio a un accusatorio non garantito$fLeonardo Iannone ... [et al.] 210 $aMilano$cGiuffrè$d©1996 215 $aXII, 437 p.$d24 cm. 461 1$1001MIL0754969$12001 $aPercorsi di procedura penale$fa cura di Vincenzo Perchinunno$v1 606 $aProcesso penale$2FIR$3CFIC001477$9E 676 $a345.4507$9PROCESSO PENALE. ITALIA$v19 676 $a345.4507$9PROCESSO PENALE. ITALIA$v22 702 1$aIannone$b, Leonardo$3LO1V156913 801 3$aIT$bIT-000000$c20230601 850 $aIT-BN0095 901 $bNAP 01$cD $n$ 912 $aMIL0763299 950 2$aBiblioteca Centralizzata di Ateneo$b1 v.$c1 v.$d 01D (AR) 20 156$e 01AR 0700201565 VMA A4 1 v.$fY $h19961212$i20181024 977 $a 01 996 $aDal garantismo inquisitorio a un accusatorio non garantito$9976370 997 $aUNISANNIO